Cuerpo y matrimonio en la Edad Moderna: la metáfora de la “esposa regalada” y la unidad conyugal (Record no. 174666)
[ view plain ]
| 000 -CABECERA | |
|---|---|
| campo de control de longitud fija | 01251nab a2200313 a 4500 |
| 005 - FECHA Y HORA DE LA ÚLTIMA TRANSACCIÓN | |
| campo de control | 20210219162347.0 |
| 008 - ELEMENTOS DE LONGITUD FIJA--INFORMACIÓN GENERAL | |
| campo de control de longitud fija | 991125s1985 mx 000 0 spa u |
| 035 ## - NÚMERO DE CONTROL DEL SISTEMA | |
| Número de control de sistema | UPN01000202565 |
| 049 ## - COLECCIÓN | |
| Colección | ART-E |
| 100 1# - ASIENTO PRINCIPAL--NOMBRE PERSONAL | |
| Nombre de persona | Fargas Peñarrocha, Mariela |
| 100 1# - ASIENTO PRINCIPAL--NOMBRE PERSONAL | |
| Filiación | marielafargas@ub.edu |
| 222 #0 - TÍTULO CLAVE | |
| Título clave | ARENAL : |
| Información calificativa | REVISTA DE HISTORIA DE LAS MUJERES |
| 245 00 - MENCIÓN DE TÍTULO | |
| Título | Cuerpo y matrimonio en la Edad Moderna: la metáfora de la “esposa regalada” y la unidad conyugal |
| 260 ## - PUBLICACIÓN, DISTRIBUCIÓN, ETC. | |
| Lugar de publicación, distribución, etc. | España |
| 300 ## - DESCRIPCIÓN FÍSICA | |
| Extensión | 99-119 |
| 362 0# - FECHAS DE PUBLICACIÓN Y/O DESIGNACIÓN SECUENCIAL | |
| Fecha de publicación y/o designación secuencial | 2014 Vol. 21, no. 1, ene.-jun. |
| 336 ## - TIPO DE CONTENIDO | |
| Término de tipo de contenido | texto$2rdacontent |
| 337 ## - TIPO DE MEDIO | |
| Nombre/término del tipo de medio | computadora$2rdamedia |
| 338 ## - TIPO DE SOPORTE | |
| Nombre/término del tipo de soporte | recurso en linea$2rdacarrier |
| 520 3# - NOTA DE RESUMEN, ETC. | |
| Sumario, etc. | Este es un breve estudio acerca de la doctrina sobre el cuerpo de la esposa, sobre los cambios en el pensamiento de los cuerpos en el seno de la familia, las contradicciones, y sobre cómo el cuerpo contextualizado en los ciclos vitales de la mujer permite arrancar el matrimonio y la familia de la Edad Moderna. |
| 653 0# - TERMINO DE INDIZACION - NO CONTROLADO | |
| Término no controlado | MUJERES |
| 653 0# - TERMINO DE INDIZACION - NO CONTROLADO | |
| Término no controlado | MATRIMONIO |
| 653 0# - TERMINO DE INDIZACION - NO CONTROLADO | |
| Término no controlado | FAMILIA |
| 653 0# - TERMINO DE INDIZACION - NO CONTROLADO | |
| Término no controlado | MORAL |
| 653 0# - TERMINO DE INDIZACION - NO CONTROLADO | |
| Término no controlado | CUERPO |
| 856 4# - LOCALIZACIÓN Y ACCESO ELECTRÓNICOS | |
| Identificador Uniforme del Recurso | <a href="http://revistaseug.ugr.es/index.php/arenal/article/view/2262/2381">http://revistaseug.ugr.es/index.php/arenal/article/view/2262/2381</a> |
| 905 ## - TIPO DE MATERIAL | |
| Tipo de material | Articulo |
No items available.
